| 000 | 00441nam a2200181Ia 4500 | ||
|---|---|---|---|
| 005 | 20240823005738.0 | ||
| 008 | 240823s9999||||xx |||||||||||||| ||und|| | ||
| 041 | _aENGLISH | ||
| 082 | _A006.6 N6 | ||
| 100 | _a"Goldberg,Ron" | ||
| 245 | 0 | _aMultimedia Producer s Bible | |
| 250 | _a1st | ||
| 260 |
_c1996 _b"Comdex,New Delhi" |
||
| 500 | _aTRANSFERED | ||
| 650 |
_aMultimedia _bInformation Technology |
||
| 942 | _cBK | ||
| 999 |
_c156599 _d156599 |
||